1042 1023 1618 1874 1189 1474 1720 1163 1772 1261 1395 1620 1043 1393 1333 1055 1038 1620 1843 1717 1724 1108 1690 1354 1567 1161 1939 1366 1445 1667 1967 1154 1801 1662 1268 1674 1569 1435 1053 1720 1405 1583 1662 1325 1708 1887 1714 1680 1816 1156 1720 1075 1613 1547 1300 1286 1148 1047 1818 1918 1365 1200 1845 1593 1220 1745 1580 1228 1331 1859 1042 1336 1013 1001 1757 1356 1724 1200 1436 1230 1542 1597 1795 1314 1601 1757 1317 1836 1476 1162 1758 1354 1075 1050 1347 1168 1254 1011 1591 BCNSPRNW ULIB Ver.6.0+V

เปลี่ยนเป็นภาษาไทย

Change to English
 แสดงรายละเอียดบรรณานุกรม
  กลับหน้าหลัก

Brief Record : Get Marc (ISO 2709) : E-mail record : QR code < ปิดหน้าต่าง
LEADER : 00000nam 2200000uu 4500
001    13399112798
003     ULIB
008    110908s2550||||th 000 0 tha d
020    9749796535
050 04 PL4189^bพ992ห 2550
100 0  ไพโรจน์ อยู่มณเฑียร
245 10 หลักราชาศัพท์ (ฉบับสมบูรณ์) /^cไพโรจน์ อยู่มณเฑียร
250    พิมพ์ครั้งที่ 1
260    กรุงเทพฯ :^bทฤษฎี,^c2550
300    217 หน้า
650  7 ภาษาไทย^xราชาศัพท์
650  7 ราชาศัพท์
945    ^p90^l0^i027626
995    ทศพร
999 ^a ทศพร
รายการนี้ยังไม่มีแท็ก
คุณยังไม่ได้ล็อกอิน คุณสามารถมีกิจกรรมร่วมกับเว็บไซต์ได้ แต่ต้องล็อกอินก่อน ::
  ล็อกอิน

รายการสื่อสารสนเทศ

ลำดับที่ ประเภท เลขเรียก/บาร์โค้ด สถานที่ สถานะ
- ไม่พบข้อมูล -

รายการใกล้เคียง
    ผู้แต่ง [ไพโรจน์ อยู่มณเฑียร]

    หัวเรื่อง [ราชาศัพท์]

BibComment


ยังไม่เคยถูกคอมเมนท์

คอมเมนท์ทรัพยากรรายการนี้
  คอมเมนท์: หลักราชาศัพท์ ฉบั..


 Copyright 2026. Bcnsprnw @Library